From Jesuits to jetsetters: Bold Bhutan beckons : (Record no. 280)
[ view plain ]
| 000 -LEADER | |
|---|---|
| fixed length control field | 01052cam a2200241 4500 |
| 001 - CONTROL NUMBER | |
| control field | 316 |
| 005 - DATE AND TIME OF LATEST TRANSACTION | |
| control field | 20181127161301.0 |
| 008 - FIXED-LENGTH DATA ELEMENTS--GENERAL INFORMATION | |
| fixed length control field | 090714s2009 at ab b 001 0 eng |
| 010 ## - LIBRARY OF CONGRESS CONTROL NUMBER | |
| LC control number | 2009311749 |
| 020 ## - INTERNATIONAL STANDARD BOOK NUMBER | |
| International Standard Book Number | 9781876344597 |
| 043 ## - GEOGRAPHIC AREA CODE | |
| Geographic area code | a-bt--- |
| 100 1# - MAIN ENTRY--PERSONAL NAME | |
| Personal name | Fischer, Tim, |
| Dates associated with a name | 1946- |
| 245 10 - TITLE STATEMENT | |
| Title | From Jesuits to jetsetters: Bold Bhutan beckons : |
| Remainder of title | inhaling gross national happiness / |
| Statement of responsibility, etc. | Tim Fischer & Tshering Tashi. |
| 246 ## - VARYING FORM OF TITLE | |
| Title proper/short title | Spine title: Bold Bhutan beckons. |
| Remainder of title | |
| Date or sequential designation | |
| Medium | |
| Display text | |
| Number of part/section of a work | |
| Name of part/section of a work | |
| 260 ## - PUBLICATION, DISTRIBUTION, ETC. | |
| Place of publication, distribution, etc. | Brisbane, Australia : |
| Name of publisher, distributor, etc. | Copyright Pub. Co., |
| Date of publication, distribution, etc. | 2009. |
| 300 ## - PHYSICAL DESCRIPTION | |
| Extent | viii, 360 p. : |
| Other physical details | ill. (some col.), maps ; |
| Dimensions | 25 cm. |
| 504 ## - BIBLIOGRAPHY, ETC. NOTE | |
| Bibliography, etc. note | Includes bibliographical references (p. 347-350) and index. |
| 520 ## - SUMMARY, ETC. | |
| Summary, etc. | On the social, cultural, political, religious, historical, and economic life of the people of Bhutan; covers the period, 15th to 20th century; includes accounts of the travels of the authors to the country. |
| 600 10 - SUBJECT ADDED ENTRY--PERSONAL NAME | |
| Personal name | Fischer, Tim, |
| Dates associated with a name | 1946- |
| General subdivision | Travel |
| Geographic subdivision | Bhutan. |
| Personal name | Tshering, Tashi |
| General subdivision | Travel |
| Geographic subdivision | Bhutan. |
| 651 #0 - SUBJECT ADDED ENTRY--GEOGRAPHIC NAME | |
| Geographic name | Bhutan. |
| 700 1# - ADDED ENTRY--PERSONAL NAME | |
| Personal name | Tshering Tashi. |
| Withdrawn status | Lost status | Source of classification or shelving scheme | Damaged status | Not for loan | Collection code | Home library | Current library | Shelving location | Serial Enumeration / chronology | Inventory number | Total Checkouts | Full call number | Barcode | Date last seen | Copy number | Price effective from | Koha item type | Date acquired | Total Renewals | Date last checked out |
|---|---|---|---|---|---|---|---|---|---|---|---|---|---|---|---|---|---|---|---|---|
| Dewey Decimal Classification | Reference | RTC Library | RTC Library | Reference | 2045 | 954.98 FIS | 30001914 | 27/11/2018 | 1 | 27/11/2018 | Reference | |||||||||
| Dewey Decimal Classification | Main TEST | RTC Library | RTC Library | Main opac | 2046 | 8 | 954.98 FIS | 30001920 | 03/08/2024 | 2 | 27/11/2018 | Main | 25/06/2021 | 5 | 02/08/2024 |